The Thundermans quiz - Statistics

General Stats
  • This quiz has been taken 382 times
    379 since last reset
  • The average score is 12 of 23
Answer Stats
Hint Answer % Correct
Oldest brother Max
97%
Middle daughter Nora
95%
Youngest son Billy
93%
Mom Barb
89%
Dad Hank
87%
Youngest daughter Chloe
86%
Oldest sister Pheobe
77%
Pheobe's Best friend Cherry
59%
chloe's power teleportation
54%
Billy's power super speed
53%
Women who owns the pizza place Mrs wong
50%
Former supervillain and now pet bunny Dr Colosso
47%
Pheobe's Boyfriend Link
46%
Super president Kick Butt
40%
The burger place Splat burger
39%
Barb's power electricity
36%
thundermans enemy will the iconic laugh Evilman
28%
Hiddenville high's princapal name Bradford
27%
Nora's power Lazer eyes
27%
City the Thundermans moved from Metroburg
27%
Pheobe's powers telekinesis, freeze breath, and heat breath
7%
Max's Powers telekinesis, freeze breath, and heat breath
7%
Thunderman's powers Super strength, flight
2%
No matching quizzes found
Score Distribution
Percent of People with Each Score
Percentile by Number Answered
Your Score History
You have not taken this quiz since the last reset